Statistics for Footballer by team history

Click here to take the quiz!

General Stats

  • This quiz has been taken 1,745 times
  • The average score is 9 of 15

Answer Stats

HintAnswer% Correct
Sporting Lisbon, Manchester United, Real MadridCristiano Ronaldo
100%
Le Mans, Guingamp, Marseille, Chelsea, Shanghai Shenhua, Galatasaray, ChelseaDidier Drogba
80%
Malmo, Ajax, Juventus, Inter, Barcelona, AC Milan, PSGZlatan Ibrahimovic
80%
Monaco, Juventus, Arsenal, Barcelona, New York Red BullsThierry Henry
79%
Nacional, Groningen, Ajax, Liverpool, BarcelonaLuis Suarez
70%
Real Sociedad, Liverppol, Real Madrid, Bayern MunichXabi Alonso
69%
Rosario Central, Benfica, Real Madrid, Manchester UnitedAngel Di Maria
65%
Anderlecht, Hamburg, Manchester CityVincent Kompany
61%
PSG, Arsenal, Real Madrid, PSG, Liverpool, Manchester City, Fenerbache, Bolton, Chelsea, Shanghai Shenhua, Juventus, West Brom, MumbaiNicolas Anelka
60%
Rot Weiss Ahlen, Borussia Mönchengladbach, Borussia DortmundMarco Reus
56%
Boulogne, Ales, Stade Brestois, Metz, Galatasaray, Marseille, Bayern MunichFranck Ribery
51%
Chmel Blšany, Sparta Prague, Rennes, ChelseaPetr Cech
43%
West Ham, Chelsea, Liverpool, Lille, West Ham, Aston VillaJoe Cole
42%
Aston Villa, Burnley, Sheffield United, Bolton, ChelseaGary Cahill
39%
Trencin, Zenit Saint Petersburg, LiverpoolMartin Skrtel
21%

Score Distribution

Percentile by Number Answered

Percent of People with Each Score

Your Score History

You have not taken this quiz